Звездочтец: русская фантастика XVII века; Повесть о Горе-Злочастии; Повесть о Савве Грудцыне; Повесть о купце, купившем мертвое тело и ставшем царем; Повесть о купце Григории; Сказание о зачатии Москвы и Крутицкой епископии; Повесть о царе Аггее; Повесть о Бове Королевиче; Повесть о Еруслане Лазаревиче; Повесть о Василии Златовласом; Повесть о царице и львице; Сказание о древе златом и златом попугае; Повесть об астрологе Мустаеддыне; Сказание о роскошном житии и веселии; Лечебник на иноземцев; Роспись о приданом; Житие Елеазара Анзерского, написанное им самим; Повесть о житии Варлаама Керетского; Из сочинения Аввакума о сотворении мира; Повесть о бесноватой жене Соломонии; Памятники отреченной русской литературы; Воздушные страхи Тобольска в старину; Нечистая, неведомая и крестная сила; Бес; Колдовство в Московской Руси XVII-го столетия; Народные русские легенды; Между чудес и чудовищ...
| Andre forfattere: | , |
|---|---|
| Sprog: | russisk |
| Udgivet: |
Москва, Советская Россия, 1990
|
| TOC: | Повесть о Горе-Злочастии; Повесть о Савве Грудцыне; Повесть о купце, купившем мертвое тело и ставшем царем; Повесть о купце Григории; Сказание о зачатии Москвы и Крутицкой епископии; Повесть о царе Аггее; Повесть о Бове Королевиче; Повесть о Еруслане Лазаревиче; Повесть о Василии Златовласом; Повесть о царице и львице; Сказание о древе златом и златом попугае; Повесть об астрологе Мустаеддыне; Сказание о роскошном житии и веселии; Лечебник на иноземцев; Роспись о приданом; Житие Елеазара Анзерского, написанное им самим; Повесть о житии Варлаама Керетского; Из сочинения Аввакума о сотворении мира; Повесть о бесноватой жене Соломонии; Н. Тихонравов, Памятники отреченной русской литературы; Воздушные страхи Тобольска в старину; С. Максимов, Нечистая, неведомая и крестная сила; Ф. Буслаев, Бес; Н. Новомбергский, Колдовство в Московской Руси XVII-го столетия; А. Афанасьев, Народные русские легенды; Ю. Медведев, Между чудес и чудовищ...; |
| Serier: | Библиотека русской фантастики Т. 2 |
| Fag: | |
| Format: | MixedMaterials Bog |
| KOHA link: | https://koha.lib.tpu.ru/cgi-bin/koha/opac-detail.pl?biblionumber=113123 |
MARC
| LEADER | 00000nam0a2200000 4500 | ||
|---|---|---|---|
| 001 | 113123 | ||
| 005 | 20231101215114.0 | ||
| 010 | |a 5268010034 | ||
| 010 | |a 5-268-01070-0 | ||
| 035 | |a (RuTPU)RU\TPU\book\122357 | ||
| 035 | |a RU\TPU\book\122352 | ||
| 090 | |a 113123 | ||
| 100 | |a 20070406d1990 m y0rusy50 ca | ||
| 101 | 0 | |a rus | |
| 102 | |a RU | ||
| 105 | |a a z 001ay | ||
| 200 | 1 | |a Звездочтец |e русская фантастика XVII века |f сост. Ю. М. Медведев; худож. Г. И. Митченко | |
| 210 | |a Москва |c Советская Россия |d 1990 | ||
| 215 | |a 496 с. |c цв. ил. | ||
| 225 | 1 | |a Библиотека русской фантастики |e в 20 томах |v Т. 2 | |
| 320 | |a Комментарии: с. 474-494. | ||
| 464 | |t Повесть о Горе-Злочастии | ||
| 464 | |t Повесть о Савве Грудцыне | ||
| 464 | |t Повесть о купце, купившем мертвое тело и ставшем царем | ||
| 464 | |t Повесть о купце Григории | ||
| 464 | |t Сказание о зачатии Москвы и Крутицкой епископии | ||
| 464 | |t Повесть о царе Аггее | ||
| 464 | |t Повесть о Бове Королевиче | ||
| 464 | |t Повесть о Еруслане Лазаревиче | ||
| 464 | |t Повесть о Василии Златовласом | ||
| 464 | |t Повесть о царице и львице | ||
| 464 | |t Сказание о древе златом и златом попугае | ||
| 464 | |t Повесть об астрологе Мустаеддыне | ||
| 464 | |t Сказание о роскошном житии и веселии | ||
| 464 | |t Лечебник на иноземцев | ||
| 464 | |t Роспись о приданом | ||
| 464 | |t Житие Елеазара Анзерского, написанное им самим | ||
| 464 | |t Повесть о житии Варлаама Керетского | ||
| 464 | |t Из сочинения Аввакума о сотворении мира | ||
| 464 | |t Повесть о бесноватой жене Соломонии | ||
| 464 | |t Памятники отреченной русской литературы |o отрывки |f Н. Тихонравов | ||
| 464 | |t Воздушные страхи Тобольска в старину |o отрывки | ||
| 464 | |t Нечистая, неведомая и крестная сила |o отрывки |f С. Максимов | ||
| 464 | |t Бес |f Ф. Буслаев | ||
| 464 | |t Колдовство в Московской Руси XVII-го столетия |o отрывки |f Н. Новомбергский | ||
| 464 | |t Народные русские легенды |f А. Афанасьев | ||
| 464 | |t Между чудес и чудовищ... |o послесловие |f Ю. Медведев |a Медведев, Юрий | ||
| 606 | 1 | |a Русская литература, дореволюционная |2 stltpush |3 (RuTPU)RU\TPU\subj\26371 |9 50314 | |
| 610 | 1 | |a древнерусская литература | |
| 610 | 1 | |a фантастика | |
| 610 | 1 | |a повести | |
| 610 | 1 | |a сказания | |
| 610 | 1 | |a 17 век | |
| 675 | |a Р1 |v 3 | ||
| 702 | 1 | |a Медведев |b Ю. М. |4 220 | |
| 702 | 1 | |a Митченко |b Г. И. |4 440 | |
| 801 | 1 | |a RU |b 63413507 |c 20070406 |g PSBO | |
| 801 | 2 | |a RU |b 63413507 |c 20220131 |g PSBO | |
| 942 | |c BK | ||